00528cam a22001337a 4500008004000000082001900040100001700059245012100076260003200197300001000229650004600239999001900285952009000304180718b1977 xxu||||| |||| 00| 0 eng d aB124x5451 K644 aKistaiah, M. aSub regionalism in india: a study of elite reaction towards the six point formula for Andhra Pradeshcby M. Kistaiah aHyderabadbBook Linksc1977 a108p. aBoundries, State - India - Andhra Pradesh c348264d348264 00104070aIIPAbIIPAd1993-10-23oB124x5451 K644p52803r2018-07-21w2018-07-21yBK